Central Library OPAC University of Rajshahi

The potting shed : (Record no. 20256)

MARC details
000 -LEADER
fixed length control field 00812nam a22002653a 4500
001 - CONTROL NUMBER
control field 20256
003 - CONTROL NUMBER IDENTIFIER
rucl marc code BD-RjUL
005 - DATE AND TIME OF LATEST TRANSACTION
control field 20211209000536.0
008 - FIXED-LENGTH DATA ELEMENTS--GENERAL INFORMATION
fixed length control field 140227s1957 enk 000 1deng d
035 ## - SYSTEM CONTROL NUMBER
System control number (BD-RjUL)20318
040 ## - CATALOGING SOURCE
Original cataloging agency DLC
Transcribing agency DLC
Modifying agency DLC
-- BD-RjUL
Language of cataloging eng
041 ## - LANGUAGE CODE
Language code of text/sound track or separate title eng
082 04 - DEWEY DECIMAL CLASSIFICATION NUMBER
Classification number 822.33
Author mark and year GRP 1958
100 1# - MAIN ENTRY--PERSONAL NAME
Personal name Greene, Graham.
9 (RLIN) 53973
245 14 - TITLE STATEMENT
Title The potting shed :
Remainder of title a play in three acts /
Statement of responsibility, etc. Graham Greene.
260 ## - PUBLICATION, DISTRIBUTION, ETC. (IMPRINT)
Date of publication, distribution, etc. New York :
Place of publication, distribution, etc. The Viking Press,
Name of publisher, distributor, etc. 1958.
300 ## - PHYSICAL DESCRIPTION
Pagination 76 p. ;
Size 19 cm.
650 #0 - SUBJECT ADDED ENTRY--TOPICAL TERM
Topical term or geographic name as entry element English drama.
9 (RLIN) 62438
Topical term or geographic name as entry element Drama
General subdivision Psychological aspects.
9 (RLIN) 61701
942 ## - ADDED ENTRY ELEMENTS (KOHA)
Source of classification or shelving scheme Dewey Decimal Classification
Koha item type Books
Holdings
Lost status Source of classification or shelving scheme Damaged status Not for loan Collection code Permanent Location Current Location Shelving location Date acquired Source of acquisition Cost, normal purchase price Total Checkouts Full call number Date last seen Copy number Koha item type
  Dewey Decimal Classification   Not For Loan Fiction Central Library, University of Rajshahi Central Library, University of Rajshahi Reading Room 21/03/1964 Zeitlinger 10.60   822.33 GRP 1958 27/02/2014 C-1 Books